000 00783nam a2200253Ia 4500
003 OSt
005 20220928123950.0
006 a|||||r|||| 00| 0
007 ta
008 220927b |||||||| |||| 00| 0 eng d
020 _c5750.3999999999996
024 _a129781
037 _b191, 03/03/2016, Excel Book International
_cTextual
040 _aSDCL
_cSDCL
_beng
041 _2eng
_aeng
082 _aY:1.5'L, Q5
100 _aYoshikawa Naoe Kukita Ed.
_9462752
245 0 _aMedicine, religion and gender in medieval culture
260 _aCambridge
_bD. S. Brewer
_c2015
300 _axv,294p
_ccm.
650 _aEnglish
942 _hY:1.5'L, Q5
_cTEXL
_2CC
999 _c775718
_d775718